[Event "SV Wattenscheid 2 - SV Eichlinghofen 1"]
[Site "Regionalliga 2018/2019"]
[Date "2018.09.02"]
[Round "1.7"]
[White "Dekhtyaryuk, Dimitri"]
[Black "Schmedders, Hans-Gerd"]
[Result "0-1"]
[WhiteElo "1849"]
[BlackElo "2050"]
[PlyCount "96"]
[EventDate "2018.??.??"]

1. d4 Nf6 2. Nf3 d6 3. Bg5 Nbd7 4. Nbd2 e5 5. e4 Be7 6. Bd3 O-O 7. Nc4 exd4 8.
Nxd4 Nc5 9. Nd2 Nfxe4 10. Be3 Nxd3+ 11. cxd3 Nxd2 12. Qxd2 c5 13. Ne2 b6 14.
O-O d5 15. d4 Ba6 16. Rfd1 Bxe2 17. Qxe2 c4 18. Qf3 Bf6 19. a4 a6 20. Qg4 Qc8
21. Qh5 Qc6 22. Rdc1 Rfe8 23. Rc3 Re4 24. Qd1 Rae8 25. b3 b5 26. axb5 axb5 27.
Rcc1 h6 28. Qd2 Qb6 29. bxc4 dxc4 30. d5 Rxe3 31. fxe3 Bxa1 32. Rxa1 Qxe3+ 33.
Qf2 c3 34. d6 b4 35. Qxe3 Rxe3 36. Ra8+ Kh7 37. d7 Rd3 38. d8=Q Rxd8 39. Rxd8
c2 40. Rc8 b3 41. Kf2 b2 42. Rxc2 b1=Q 43. Re2 f5 44. Re1 Qd3 45. Re3 Qd4 46.
Kf3 g5 47. h3 Kg6 48. g3 Kf6 0-1

[Event "SV Wattenscheid 2 - SV Eichlinghofen 1"]
[Site "Regionalliga 2018/2019"]
[Date "2018.09.02"]
[Round "1.8"]
[White "Wolf, Ulrich"]
[Black "Gitschel, Ralf"]
[Result "1-0"]
[WhiteElo "2041"]
[BlackElo "1870"]
[PlyCount "83"]
[EventDate "2018.??.??"]

1. d4 d5 2. Nf3 Nf6 3. c4 c6 4. Nc3 g6 5. Bf4 Bg7 6. e3 O-O 7. h3 b6 8. Rc1 Bb7
9. cxd5 Nxd5 10. Nxd5 Qxd5 11. a3 Nd7 12. b4 Nf6 13. Bc4 Qd8 14. Qb3 Nd5 15.
Bg3 e6 16. O-O Rc8 17. Rfd1 Bh6 18. Rc2 Qe7 19. Be2 Ba8 20. Rdc1 f6 21. Nd2 Kh8
22. Bf3 Bb7 23. Ne4 Rcd8 24. Kh1 e5 25. dxe5 fxe5 26. Rd2 Bg7 27. Rcd1 h6 28.
Qc2 Qe6 29. Bg4 Qf7 30. Qb3 Qe7 31. Kg1 Bc8 32. Bxc8 Rxc8 33. b5 Nf6 34. Nxf6
Qxf6 35. Rd6 Qf5 36. bxc6 h5 37. Qd5 g5 38. e4 Qf7 39. Bxe5 Qxf2+ 40. Kh2 Rf7
41. Bg3 Qb2 42. Qxf7 1-0

[Event "Oberhausener SV 2 - SF Essen-Katernberg"]
[Site "Regionalliga 2018/2019"]
[Date "2018.09.02"]
[Round "1.1"]
[White "Villwock, Martin"]
[Black "Krueger, André"]
[Result "1-0"]
[WhiteElo "2101"]
[BlackElo "1970"]
[PlyCount "49"]
[EventDate "2018.??.??"]

1. e4 c6 2. d4 d5 3. e5 c5 4. dxc5 e6 5. Nf3 Nd7 6. a3 Bxc5 7. Bd3 Qc7 8. Qe2
Ne7 9. b4 Bb6 10. Bb2 a6 11. O-O Ba7 12. Nbd2 Nb6 13. Rfe1 Na4 14. Bd4 b5 15.
Nb3 h6 16. Rac1 Bxd4 17. Nfxd4 Bd7 18. c3 g6 19. Qf3 Rh7 20. c4 bxc4 21. Bxc4
Qb6 22. Bd3 Rc8 23. Rxc8+ Bxc8 24. Rc1 Bb7 25. Qe2 1-0

[Event "Oberhausener SV 2 - SF Essen-Katernberg"]
[Site "Regionalliga 2018/2019"]
[Date "2018.09.02"]
[Round "1.2"]
[White "Joergens, Markus"]
[Black "Heldt, Maximilian"]
[Result "1-0"]
[WhiteElo "1984"]
[BlackElo "2103"]
[Annotator "Daniel"]
[PlyCount "81"]
[EventDate "2018.??.??"]

1. d4 Nf6 2. c4 c5 3. d5 e5 4. Nc3 d6 5. e4 Nbd7 6. Bd3 Be7 7. h3 h6 8. Nf3 Nf8
9. a3 Ng6 10. g3 Bd7 11. Nd2 Qc8 12. h4 Bd8 13. Nf1 Ba5 14. Bd2 Bxc3 15. Bxc3
h5 16. f3 Rb8 17. Ne3 Ne7 18. b4 b6 19. Qd2 Qd8 $11 20. bxc5 bxc5 21. Ba5 Qc8
22. Ke2 O-O 23. Rab1 Qa6 24. Bc7 Rbe8 25. Qa5 Qxa5 26. Bxa5 Rb8 27. Bc7 Rxb1
28. Rxb1 Nc8 29. Rb7 g6 30. Bc2 Be8 31. Rb8 Bd7 32. Rb7 Be8 33. Kd3 Nd7 34. Ba4
Ndb6 35. Bc6 f5 36. exf5 Bxc6 37. dxc6 gxf5 38. Bxb6 axb6 39. Nd5 Rf7 40. Rb8
Rf8 41. Rxc8 1-0

[Event "Oberhausener SV 2 - SF Essen-Katernberg"]
[Site "Regionalliga 2018/2019"]
[Date "2018.09.02"]
[Round "1.3"]
[White "Dette, Jan"]
[Black "Weyh, Thomas"]
[Result "1/2-1/2"]
[WhiteElo "2076"]
[BlackElo "2003"]
[PlyCount "114"]
[EventDate "2018.??.??"]

1. c4 e6 2. g3 d5 3. Bg2 Nf6 4. Nf3 c5 5. O-O Nc6 6. d4 Be7 7. dxc5 Bxc5 8. a3
a6 9. b4 Ba7 10. Bb2 O-O 11. Nbd2 Re8 12. cxd5 exd5 13. Nb3 Bg4 14. Nbd4 Nxd4
15. Bxd4 Bxd4 16. Nxd4 Rc8 17. Qd3 Qe7 18. Rac1 h6 19. e3 Qd7 20. Ne2 Bf5 21.
Qd4 Qa4 22. Rxc8 Bxc8 23. Nc3 Qxa3 24. Nxd5 Nxd5 25. Bxd5 a5 26. Qc4 Be6 27.
Bxe6 Rxe6 28. bxa5 Qxa5 29. Qc8+ Kh7 30. Qxb7 Qf5 31. Qb1 Qxb1 32. Rxb1 Re7 33.
Rb3 h5 34. f4 Ra7 35. Rb2 g6 36. Kf2 Kg7 37. h3 Kh7 38. g4 hxg4 39. hxg4 Kg7
40. g5 Rc7 41. Kf3 Ra7 42. Rb4 Rc7 43. e4 Rc3+ 44. Kg4 Rc1 45. f5 Rg1+ 46. Kf4
Rf1+ 47. Ke5 gxf5 48. exf5 Rg1 49. Kf4 Rf1+ 50. Kg4 Rg1+ 51. Kh5 Rh1+ 52. Rh4
Rg1 53. Rh3 f6 54. gxf6+ Kxf6 55. Rf3 Rg5+ 56. Kh4 Rxf5 57. Rxf5+ Kxf5 1/2-1/2

[Event "Oberhausener SV 2 - SF Essen-Katernberg"]
[Site "Regionalliga 2018/2019"]
[Date "2018.09.02"]
[Round "1.4"]
[White "Gerst, Michael"]
[Black "Dahm, Bernd"]
[Result "1/2-1/2"]
[WhiteElo "1933"]
[BlackElo "2080"]
[PlyCount "42"]
[EventDate "2018.??.??"]

1. d4 Nf6 2. c4 e6 3. Nf3 Bb4+ 4. Bd2 c5 5. Bxb4 cxb4 6. e3 b6 7. Be2 Bb7 8.
O-O O-O 9. a3 bxa3 10. Rxa3 Qe7 11. Nc3 d5 12. Ra1 dxc4 13. Bxc4 Rc8 14. Be2
Nc6 15. Qa4 a6 16. Rfc1 Rc7 17. Qd1 Nb4 18. Ne5 b5 19. Bf3 Bxf3 20. Nxf3 Rac8
21. Ne5 Qd6 1/2-1/2

[Event "Oberhausener SV 2 - SF Essen-Katernberg"]
[Site "Regionalliga 2018/2019"]
[Date "2018.09.02"]
[Round "1.5"]
[White "Schimnatkowski, Lukas"]
[Black "Stefaniak, Christian"]
[Result "1/2-1/2"]
[WhiteElo "2051"]
[BlackElo "1914"]
[PlyCount "107"]
[EventDate "2018.??.??"]

1. c4 Nf6 2. d3 c5 3. Nc3 Nc6 4. g3 b6 5. Bg2 Bb7 6. e4 d6 7. Nge2 e5 8. O-O
Be7 9. h3 a6 10. f4 Nd4 11. Bd2 Nxe2+ 12. Qxe2 Nd7 13. Qf2 O-O 14. f5 Bg5 15.
Be1 Bc6 16. h4 Be7 17. a4 Rb8 18. Bf3 Kh8 19. Bd1 Rg8 20. Kh2 g5 21. fxg6 fxg6
22. Kg2 Rf8 23. Qe3 Rxf1 24. Kxf1 Nf6 25. Ra2 Qd7 26. b3 Rf8 27. Kg2 Ng4 28.
Bxg4 Qxg4 29. Rf2 Rxf2+ 30. Qxf2 Kg7 31. Qf3 Qxf3+ 32. Kxf3 Bd8 33. g4 h6 34.
Nd1 Be8 35. Ne3 Kh7 36. Kg3 Kg8 37. Bd2 Kh7 38. Nd5 Bf7 39. Ne3 Be8 40. Nd1 Kg7
41. g5 h5 42. Nb2 a5 43. Nd1 Bd7 44. Ne3 Kf7 45. Kf3 Kg7 46. Ke2 Kf7 47. Be1
Kg7 48. Kd2 Kf7 49. Kc3 Kg7 50. Nc2 Kf7 51. Na3 Ke7 52. Nb5 Bxb5 53. axb5 Kd7
54. Kb2 1/2-1/2

[Event "Oberhausener SV 2 - SF Essen-Katernberg"]
[Site "Regionalliga 2018/2019"]
[Date "2018.09.02"]
[Round "1.6"]
[White "Seibert, Michael"]
[Black "Kudelka, Josua"]
[Result "1/2-1/2"]
[WhiteElo "1957"]
[BlackElo "1965"]
[Annotator "Daniel"]
[PlyCount "130"]
[EventDate "2018.??.??"]

1. d4 Nf6 2. Bg5 d5 3. Bxf6 exf6 4. e3 Be6 5. Ne2 Bd6 6. Nf4 Bxf4 7. exf4 O-O
8. Bd3 Re8 9. O-O Qd7 10. Re1 Nc6 11. c3 Bg4 12. f3 Rxe1+ 13. Qxe1 Re8 14. Qf2
Bf5 15. Bf1 Qd6 $11 16. g3 h5 17. Nd2 Ne7 18. Re1 Bd7 19. Bd3 Kf8 20. Qf1 h4
21. Re2 Nf5 22. Rxe8+ Kxe8 23. Qe1+ Kf8 24. g4 Ne7 25. Qe3 a5 26. f5 a4 27. Kg2
Qb6 28. b3 axb3 29. axb3 Qa5 30. c4 Qc3 31. Kf2 Nc6 32. cxd5 Nxd4 33. Bc4 Qa1
34. Kg2 b6 35. Kh3 Qb2 36. d6 cxd6 37. Qf4 Ke7 38. Ne4 Qa3 39. Nxf6 gxf6 40.
Qxd4 Qa5 41. Qe3+ Qe5 42. Qxb6 Kf8 43. Qf2 Kg7 44. Kxh4 Qf4 45. Kh3 Bc6 46. Qg3
Qh6+ 47. Kg2 Qd2+ 48. Qf2 Qf4 49. h3 d5 50. Bd3 Bb7 51. Qe2 Qb4 52. Qc2 Qe1 53.
Qe2 Qc3 54. Qd1 Qb2+ 55. Qc2 Qd4 56. h4 Qf4 57. Qf2 Kh6 58. Be2 d4 59. Kh3 Qd2
60. Qf1 Bd5 61. Bc4 Bxc4 62. Qxc4 Qc3 63. Qd5 Qe3 64. g5+ fxg5 65. hxg5+ Kxg5
1/2-1/2

[Event "Oberhausener SV 2 - SF Essen-Katernberg"]
[Site "Regionalliga 2018/2019"]
[Date "2018.09.02"]
[Round "1.7"]
[White "Rosen, Willy"]
[Black "Hombrecher, Kai"]
[Result "1-0"]
[WhiteElo "2084"]
[BlackElo "1851"]
[PlyCount "35"]
[EventDate "2018.??.??"]

1. e4 c6 2. d4 d5 3. exd5 cxd5 4. Bd3 Nc6 5. c3 Nf6 6. Bf4 Bg4 7. Qb3 Qc8 8.
Nd2 e6 9. Ngf3 a6 10. O-O Be7 11. Rae1 O-O 12. Ne5 Bh5 13. Qc2 b5 14. Re3 Bg6
15. Rfe1 Nb4 16. Nxg6 Nxc2 17. Nxe7+ Kh8 18. Nxc8 1-0

[Event "Oberhausener SV 2 - SF Essen-Katernberg"]
[Site "Regionalliga 2018/2019"]
[Date "2018.09.02"]
[Round "1.8"]
[White "Demircan, Baris"]
[Black "Mueller-Clostermann, Bruno"]
[Result "0-1"]
[WhiteElo "1846"]
[BlackElo "2044"]
[PlyCount "100"]
[EventDate "2018.??.??"]

1. e4 Nf6 2. Nc3 e5 3. Nf3 d6 4. d4 Nbd7 5. Bc4 Be7 6. Be3 c6 7. a4 O-O 8. Bb3
Ng4 9. Bd2 exd4 10. Nxd4 Nc5 11. Ba2 Bf6 12. Nde2 Re8 13. f3 Ne5 14. O-O Be6
15. Bxe6 fxe6 16. Kh1 a5 17. b3 Qe7 18. Be1 d5 19. Bf2 dxe4 20. Bxc5 Qxc5 21.
Nxe4 Qe3 22. Nxf6+ gxf6 23. Ng3 Rad8 24. Qc1 Qxc1 25. Raxc1 Kf7 26. Rcd1 Rd5
27. c4 Rd3 28. Ne4 Red8 29. Rxd3 Nxd3 30. Kg1 f5 31. Ng3 Nc5 32. Rb1 Rd3 33. b4
axb4 34. Kf1 b3 35. Ke2 Rc3 36. Kd2 Rxc4 37. a5 Rc2+ 38. Ke3 Kf6 39. Ne2 e5 40.
g3 Ra2 41. f4 e4 42. Nd4 Rxa5 43. Rb2 Ra2 44. Rb1 b2 45. Kd2 Nd3 46. Nb3 c5 47.
Kc2 c4 48. Nd2 b5 49. Kc3 e3 50. Nf1 e2 0-1

[Event "SG Bochum 3 - SV Bochum-Linden 1"]
[Site "Verbandsliga - Gruppe 1 2018/"]
[Date "2018.09.23"]
[Round "1.2"]
[White "Boehle, Lars"]
[Black "Schreck, Roland"]
[Result "1-0"]
[WhiteElo "2095"]
[BlackElo "2123"]
[PlyCount "53"]
[EventDate "2018.??.??"]

1. d4 Nf6 2. Nf3 g6 3. Bg5 Bg7 4. Nbd2 d6 5. e4 c5 6. Bb5+ Bd7 7. Bxd7+ Qxd7 8.
d5 h6 9. Bxf6 Bxf6 10. c3 b5 11. O-O O-O 12. a4 a5 13. Re1 b4 14. Qc2 Bg7 15.
Nc4 Ra6 16. h3 Rd8 17. Rad1 Qb7 18. Re2 Nd7 19. cxb4 Qxb4 20. e5 Nb6 21. Re4
Nxc4 22. Rxc4 Qb8 23. e6 fxe6 24. Qxg6 exd5 25. Rg4 Qxb2 26. Nd4 cxd4 27. Qxg7#
1-0

[Event "SG Bochum 3 - SV Bochum-Linden 1"]
[Site "Verbandsliga - Gruppe 1 2018/"]
[Date "2018.09.23"]
[Round "1.3"]
[White "Boehm, Ingo"]
[Black "Fistoul, Boris"]
[Result "0-1"]
[WhiteElo "2035"]
[BlackElo "1921"]
[PlyCount "70"]
[EventDate "2018.??.??"]

1. e4 b6 2. d4 Bb7 3. Bd3 e6 4. Ne2 c5 5. c3 Nf6 6. Nd2 d6 7. O-O Nc6 8. f4
cxd4 9. cxd4 Be7 10. Nf3 O-O 11. Bd2 Re8 12. Rc1 Rc8 13. Qa4 a6 14. b4 b5 15.
Qb3 Bf8 16. Kh1 h6 17. a3 Nb8 18. e5 Ne4 19. Rxc8 Qxc8 20. Be1 Nd7 21. Qb1 Qa8
22. Ng3 Nxg3+ 23. Bxg3 Nb6 24. f5 dxe5 25. fxe6 Rxe6 26. dxe5 Nc4 27. Bxc4 bxc4
28. Qc2 Bd5 29. Nd4 Re8 30. Re1 a5 31. Qb2 axb4 32. axb4 Qb7 33. b5 Bc5 34. Re2
Rd8 35. Nc2 Bxg2+ 0-1

[Event "SG Bochum 3 - SV Bochum-Linden 1"]
[Site "Verbandsliga - Gruppe 1 2018/"]
[Date "2018.09.23"]
[Round "1.4"]
[White "Finke, Dominik"]
[Black "Schmidt, Ralph"]
[Result "0-1"]
[WhiteElo "1999"]
[BlackElo "1934"]
[PlyCount "114"]
[EventDate "2018.??.??"]

1. c4 c5 2. g3 Nc6 3. Bg2 Nf6 4. Nc3 e6 5. Nf3 d5 6. cxd5 exd5 7. d4 Be6 8. O-O
Be7 9. dxc5 Bxc5 10. Bg5 Be7 11. Nd4 h6 12. Nxe6 fxe6 13. Bd2 O-O 14. Rc1 Qd7
15. Bh3 d4 16. Qb3 Kf7 17. Nb5 a6 18. Nc7 Qxc7 19. Bxe6+ Ke8 20. Bf4 Bd6 21.
Bxd6 Qxd6 22. Qxb7 Nd8 23. Qxa8 Qxe6 24. Rcd1 Qc6 25. Qb8 Qd5 26. Qb6 Ne6 27.
Qxa6 Ng5 28. Qa4+ Kf7 29. f3 Rd8 30. Qb3 Ne6 31. Qxd5 Nxd5 32. Rc1 Ne3 33. Rfe1
Ng5 34. Rc7+ Kg8 35. h4 Nxf3+ 36. exf3 d3 37. Rcc1 d2 38. Kf2 dxc1=Q 39. Rxc1
Nd1+ 40. Ke2 Nxb2 41. f4 Ra8 42. g4 Rxa2 43. Rc8+ Kh7 44. g5 Ra5 45. Rf8 Kg6
46. Kf3 Kh5 47. Rf7 Ra3+ 48. Ke4 Kg6 49. Rf8 hxg5 50. hxg5 Ra4+ 51. Ke3 Nc4+
52. Kf3 Ra3+ 53. Kg4 Ne3+ 54. Kf3 Nf5+ 55. Ke4 Re3+ 56. Kd5 Re7 57. Rh8 Ne3+
0-1

[Event "SG Bochum 3 - SV Bochum-Linden 1"]
[Site "Verbandsliga - Gruppe 1 2018/"]
[Date "2018.09.23"]
[Round "1.5"]
[White "Hochstein, Udo"]
[Black "Pilat, Fabian"]
[Result "1/2-1/2"]
[WhiteElo "1893"]
[BlackElo "1928"]
[PlyCount "89"]
[EventDate "2018.??.??"]

1. d4 d5 2. c4 e6 3. Nc3 Nf6 4. cxd5 exd5 5. Bg5 Be7 6. e3 O-O 7. Bd3 c6 8. Qc2
Nbd7 9. Nge2 Re8 10. O-O Nf8 11. Rae1 Nh5 12. Bxe7 Qxe7 13. Kh1 g6 14. Ng1 Qh4
15. Nf3 Qd8 16. b4 a6 17. Na4 Ne6 18. Nc5 Qe7 19. Rb1 Nhg7 20. Rb2 Nxc5 21.
bxc5 Bf5 22. Rfb1 Rab8 23. Ne5 Qc7 24. Qd2 f6 25. Nf3 Bxd3 26. Qxd3 Ne6 27. h4
Kg7 28. g3 Nd8 29. Kg2 Qd7 30. h5 g5 31. h6+ Kg8 32. Re2 Nf7 33. Rh1 Re7 34.
Nd2 Rbe8 35. f3 f5 36. Rh5 Qe6 37. Kf1 Kh8 38. f4 Qg6 39. Rh3 g4 40. Rh1 Kg8
41. Kg1 Qf6 42. Nf1 Nd8 43. Rh5 Rf7 44. Rb2 Ne6 45. Rb3 1/2-1/2

[Event "SG Bochum 3 - SV Bochum-Linden 1"]
[Site "Verbandsliga - Gruppe 1 2018/"]
[Date "2018.09.23"]
[Round "1.6"]
[White "Blome, Simon"]
[Black "Pappert, Thomas"]
[Result "1-0"]
[WhiteElo "1879"]
[BlackElo "1766"]
[PlyCount "75"]
[EventDate "2018.??.??"]

1. e4 c5 2. Nf3 Nc6 3. Bb5 d6 4. O-O e5 5. Re1 g6 6. c3 Bg7 7. d4 Bd7 8. Be3
Nge7 9. dxc5 dxc5 10. Bxc5 O-O 11. Nbd2 Re8 12. Nc4 Nc8 13. Qd3 Qc7 14. Ne3 Nb8
15. Ba3 Nb6 16. Rad1 Bxb5 17. Qxb5 Qc6 18. Qxc6 Nxc6 19. Nd5 Nxd5 20. Rxd5 Red8
21. Red1 Rxd5 22. Rxd5 Rd8 23. c4 f5 24. exf5 gxf5 25. Rxd8+ Nxd8 26. Nh4 f4
27. f3 Kf7 28. Nf5 Bf6 29. Nd6+ Ke6 30. Ne4 Be7 31. Bxe7 Kxe7 32. Kf2 Nc6 33.
Ke2 b6 34. a3 a5 35. Kd3 h5 36. Nc3 Kd6 37. Na4 Kc7 38. Ke4 1-0

[Event "SG Bochum 3 - SV Bochum-Linden 1"]
[Site "Verbandsliga - Gruppe 1 2018/"]
[Date "2018.09.23"]
[Round "1.7"]
[White "Luek, Harald"]
[Black "Shevchuk, Arseniy"]
[Result "0-1"]
[WhiteElo "1792"]
[BlackElo "1821"]
[PlyCount "102"]
[EventDate "2018.??.??"]

1. c4 Nf6 2. g3 d5 3. cxd5 Nxd5 4. Bg2 c6 5. Nf3 Bf5 6. Nc3 e6 7. O-O Bd6 8. d3
h6 9. e4 Nxc3 10. bxc3 Bg4 11. Qb3 Qb6 12. Be3 Qxb3 13. axb3 a6 14. Nd2 Be2 15.
Nc4 Bxf1 16. Nxd6+ Ke7 17. Bc5 Nd7 18. Nf5+ Kd8 19. Be7+ Ke8 20. Nxg7+ Kxe7 21.
Bxf1 h5 22. Be2 Nf6 23. e5 Ng4 24. Nxh5 Rxh5 25. Bxg4 Rxe5 26. h4 Rc5 27. c4
Rd8 28. Be2 Re5 29. Kf1 Kf6 30. f3 Rh5 31. Kf2 e5 32. Ke3 Rhh8 33. Rd1 Ke6 34.
Ra1 Rhg8 35. g4 f5 36. Rf1 Rd4 37. Rg1 Kf6 38. Rg2 Ke7 39. Rg1 Kd6 40. Ra1 Ra8
41. b4 b6 42. h5 Ke6 43. h6 Kf6 44. gxf5 Rh4 45. f4 exf4+ 46. Kf3 a5 47. d4 Rg8
48. Bf1 Rg3+ 49. Kf2 axb4 50. Ra6 Rh2+ 51. Ke1 Ra3 0-1

[Event "SG Bochum 3 - SV Bochum-Linden 1"]
[Site "Verbandsliga - Gruppe 1 2018/"]
[Date "2018.09.23"]
[Round "1.8"]
[White "Prieb, Robert"]
[Black "Skara, Milenko"]
[Result "0-1"]
[WhiteElo "1848"]
[BlackElo "1718"]
[PlyCount "118"]
[EventDate "2018.??.??"]

1. d4 Nf6 2. c4 g6 3. Nc3 Bg7 4. e4 d6 5. Nf3 O-O 6. Be2 e5 7. O-O Nc6 8. d5
Ne7 9. Ne1 Nd7 10. Be3 f5 11. f3 f4 12. Bf2 g5 13. Rc1 Ng6 14. c5 dxc5 15. b4
b6 16. bxc5 Nxc5 17. Bxc5 bxc5 18. Nb5 a6 19. d6 axb5 20. Qd5+ Be6 21. Qxe6+
Kh8 22. dxc7 Qxc7 23. Bxb5 Qa7 24. Rf2 Rfd8 25. Qc4 Bf8 26. Bc6 Rab8 27. Bd5
Rb4 28. Qc3 Rdb8 29. Bb3 c4 30. Bxc4 Bc5 31. Nd3 Bxf2+ 32. Nxf2 Rb2 33. Qe1 Qd4
34. Kf1 Rd2 35. Nd3 Rxd3 36. Bxd3 Qxd3+ 37. Qe2 Qxe2+ 38. Kxe2 Rb2+ 39. Kf1
Rxa2 40. Rc8+ Kg7 41. Rc7+ Kh6 42. Rc6 Kh5 43. Rc7 h6 44. g4+ fxg3 45. hxg3 Ra6
46. Kg2 g4 47. f4 Nxf4+ 48. gxf4 exf4 49. e5 Re6 50. Rc4 Kg5 51. Re4 Kf5 52.
Re1 Rxe5 53. Rh1 Kg5 54. Kf2 h5 55. Kg2 h4 56. Kf2 h3 57. Kf1 Rc5 58. Kg1 Rc1+
59. Kh2 Rxh1+ 0-1

[Event "SV Königsspringer Hamm 1 - SV Ahlen 1"]
[Site "Verbandsliga - Gruppe 1 2018/"]
[Date "2018.09.23"]
[Round "1.1"]
[White "Steinle, Carsten"]
[Black "Frombach, Ralf"]
[Result "1-0"]
[WhiteElo "2119"]
[BlackElo "2177"]
[PlyCount "69"]
[EventDate "2018.??.??"]

1. Nf3 g6 2. g3 Bg7 3. d4 Nf6 4. Bg2 O-O 5. O-O d6 6. b3 e5 7. dxe5 Ng4 8. Bb2
Nc6 9. c4 Ngxe5 10. Nxe5 Nxe5 11. Nc3 a5 12. Qd2 a4 13. Nb5 Bd7 14. f4 Nc6 15.
Bxg7 Kxg7 16. Rad1 axb3 17. axb3 Kg8 18. Qc3 Ra2 19. Rf2 Re8 20. e4 Rxf2 21.
Kxf2 Qb8 22. h4 h5 23. Bf3 Nd8 24. Kg2 Bc6 25. f5 Bxe4 26. Bxe4 Rxe4 27. Qf6
Kh7 28. c5 Re2+ 29. Kg1 Re5 30. Nd4 Rxc5 31. fxg6+ fxg6 32. Qe7+ Kg8 33. Rf1
Nc6 34. Qe6+ Kh8 35. Rf7 1-0

[Event "SV Königsspringer Hamm 1 - SV Ahlen 1"]
[Site "Verbandsliga - Gruppe 1 2018/"]
[Date "2018.09.23"]
[Round "1.2"]
[White "Happel, Heiner"]
[Black "Torres-Kuckel, Rafael"]
[Result "1-0"]
[WhiteElo "2168"]
[BlackElo "2118"]
[PlyCount "97"]
[EventDate "2018.??.??"]

1. c4 e5 2. Nc3 Nf6 3. Nf3 Nc6 4. e3 d5 5. cxd5 Nxd5 6. Bb5 Nxc3 7. bxc3 Bd6 8.
d4 exd4 9. cxd4 O-O 10. O-O Bg4 11. h3 Bh5 12. Bb2 Qe7 13. Be2 Rad8 14. Nd2
Bxe2 15. Qxe2 f5 16. Qb5 Rb8 17. Nc4 a6 18. Qd5+ Qf7 19. Qxf7+ Rxf7 20. d5 Nd8
21. Nxd6 cxd6 22. Rac1 b5 23. Rc2 a5 24. Rfc1 Rfb7 25. Rc7 Rxc7 26. Rxc7 Nf7
27. g4 g6 28. Kg2 a4 29. f4 Kf8 30. g5 b4 31. Ra7 a3 32. Bf6 Re8 33. Kf3 Rb8
34. Ke2 h6 35. h4 hxg5 36. hxg5 Ke8 37. Kd2 Rb5 38. Ra8+ Kd7 39. Rf8 Rxd5+ 40.
Ke2 Ne5 41. fxe5 dxe5 42. Rb8 Rc5 43. Rxb4 Rc2+ 44. Kd3 Rxa2 45. Bxe5 Rg2 46.
Bf4 a2 47. Ra4 Kc6 48. Kc3 Kb5 49. Kb3 1-0

[Event "SV Königsspringer Hamm 1 - SV Ahlen 1"]
[Site "Verbandsliga - Gruppe 1 2018/"]
[Date "2018.09.23"]
[Round "1.3"]
[White "Volesky, Alexander"]
[Black "PrueÃŸ, Wilfried"]
[Result "1/2-1/2"]
[WhiteElo "2048"]
[BlackElo "2052"]
[PlyCount "59"]
[EventDate "2018.??.??"]

1. d4 Nf6 2. Bf4 e6 3. e3 c5 4. c3 b6 5. Nf3 Be7 6. h3 Bb7 7. Bd3 Ne4 8. Nbd2
f5 9. O-O O-O 10. a4 d6 11. a5 Nxd2 12. Nxd2 Nd7 13. Nc4 d5 14. Ne5 Nxe5 15.
Bxe5 c4 16. Be2 Bc6 17. b4 b5 18. g4 Bd6 19. Bxd6 Qxd6 20. f4 g5 21. Qe1 h6 22.
Qg3 Rf7 23. Rf2 Raf8 24. Raf1 Bd7 25. Kh2 Qe7 26. Rg2 Rg7 27. Bd1 a6 28. Be2
Bc8 29. Bd1 Bd7 30. Be2 1/2-1/2

[Event "SV Königsspringer Hamm 1 - SV Ahlen 1"]
[Site "Verbandsliga - Gruppe 1 2018/"]
[Date "2018.09.23"]
[Round "1.4"]
[White "Schmidt, Ingo"]
[Black "Volesky, Karl-Heinz"]
[Result "1-0"]
[WhiteElo "1953"]
[BlackElo "2029"]
[PlyCount "73"]
[EventDate "2018.??.??"]

1. e4 c5 2. Nf3 d6 3. d4 cxd4 4. Nxd4 Nf6 5. Nc3 Nc6 6. Bg5 e6 7. Be2 Qa5 8.
Bxf6 gxf6 9. Nxc6 bxc6 10. O-O Rb8 11. Rb1 Be7 12. f4 Ba6 13. Bxa6 Qxa6 14. e5
f5 15. exd6 Rd8 16. Qf3 Rxd6 17. Rbd1 Rg8 18. g3 Rg4 19. Rxd6 Bxd6 20. Ne4 Be7
21. Ng5 h6 22. h3 Rxg5 23. fxg5 hxg5 24. b3 Qb6+ 25. Kg2 Qc5 26. c4 Bd6 27. Rd1
Ke7 28. Qd3 Qe5 29. Qxd6+ Qxd6 30. Rxd6 Kxd6 31. b4 e5 32. h4 e4 33. c5+ Ke5
34. h5 f4 35. gxf4+ gxf4 36. h6 Kf6 37. b5 1-0

[Event "SV Königsspringer Hamm 1 - SV Ahlen 1"]
[Site "Verbandsliga - Gruppe 1 2018/"]
[Date "2018.09.23"]
[Round "1.5"]
[White "Woestmann, Ulrich"]
[Black "Klaus, Michael"]
[Result "1-0"]
[WhiteElo "1970"]
[BlackElo "1854"]
[PlyCount "93"]
[EventDate "2018.??.??"]

1. b3 Nf6 2. Bb2 e6 3. e3 Be7 4. f4 b6 5. Nf3 Bb7 6. Bd3 d6 7. O-O Nbd7 8. c4
O-O 9. Nc3 Nc5 10. Bc2 a5 11. d4 Nce4 12. Nxe4 Bxe4 13. Bxe4 Nxe4 14. d5 Bf6
15. Nd4 Qe8 16. dxe6 fxe6 17. Qc2 Nc5 18. Rad1 e5 19. Nb5 Qe7 20. Qd2 Rac8 21.
fxe5 dxe5 22. Qd5+ Kh8 23. Qc6 Rfd8 24. Ba3 Rxd1 25. Rxd1 Qe6 26. Qxe6 Nxe6 27.
Kf2 e4 28. g3 Kg8 29. Ke2 Kf7 30. c5 bxc5 31. Rc1 Be7 32. Nc3 Rd8 33. Nxe4 Rd5
34. Rc4 Re5 35. Bb2 Rh5 36. h4 c6 37. Ra4 Bd8 38. Nd6+ Ke7 39. Nc4 Bc7 40. Kf3
Rf5+ 41. Kg2 Rd5 42. Bc3 g5 43. Bxa5 Bb8 44. Bb6 gxh4 45. gxh4 Ng7 46. Ra8 Be5
47. e4 1-0

[Event "SV Königsspringer Hamm 1 - SV Ahlen 1"]
[Site "Verbandsliga - Gruppe 1 2018/"]
[Date "2018.09.23"]
[Round "1.6"]
[White "Sporkert, Corina"]
[Black "Busche, Klaus"]
[Result "1/2-1/2"]
[WhiteElo "1831"]
[BlackElo "1916"]
[PlyCount "58"]
[EventDate "2018.??.??"]

1. e4 d5 2. exd5 Nf6 3. Nc3 Nxd5 4. Nxd5 Qxd5 5. Qf3 c6 6. c4 Qxf3 7. Nxf3 Na6
8. Be2 Bg4 9. Nd4 Bxe2 10. Nxe2 e5 11. d4 Nb4 12. Kd2 exd4 13. a3 Na6 14. Nxd4
O-O-O 15. Kc3 Be7 16. Nf3 Bf6+ 17. Kc2 Rhe8 18. Be3 c5 19. Rad1 h6 20. b3 b6
21. Rxd8+ Rxd8 22. Bf4 Nc7 23. Re1 Ne6 24. Be3 Kc7 25. g3 Rd7 26. Bd2 Kd8 27.
Bc3 Nd4+ 28. Bxd4 Bxd4 29. Re2 Bf6 1/2-1/2

[Event "SV Königsspringer Hamm 1 - SV Ahlen 1"]
[Site "Verbandsliga - Gruppe 1 2018/"]
[Date "2018.09.23"]
[Round "1.7"]
[White "Starp, Klaus"]
[Black "Kauder, Hartmut"]
[Result "1/2-1/2"]
[WhiteElo "1904"]
[BlackElo "2089"]
[Annotator "Daniel"]
[PlyCount "137"]
[EventDate "2018.??.??"]

1. e4 c5 2. Nc3 Nc6 3. g3 g6 4. Bg2 Bg7 5. d3 e6 6. f4 d6 7. Nf3 Nge7 8. O-O
O-O 9. Be3 Nd4 10. Qd2 Qa5 11. Nd5 Nec6 12. Ne7+ Kh8 13. Nxc6 Qxd2 14. Bxd2
bxc6 15. c3 Nxf3+ 16. Rxf3 Ba6 17. b3 Rab8 18. Rc1 $11 f5 19. exf5 exf5 20. Re3
d5 21. Re6 Rb6 22. c4 Bc8 23. Re7 Ra6 24. a4 Bf6 25. Rc7 Be6 26. Re1 Bg8 27.
Rd7 Rb6 28. cxd5 cxd5 29. Bxd5 Bxd5 30. Rxd5 Rxb3 31. Re6 Bd4+ 32. Kf1 Rxd3 33.
Ke2 Ra3 34. a5 Kg7 35. Rd7+ Rf7 36. Ree7 Rxe7+ 37. Rxe7+ Kh6 38. Rxa7 c4 39.
Rd7 Bg7 40. Bb4 Ra2+ 41. Rd2 Ra4 42. Be7 Rxa5 43. Rc2 c3 44. Bb4 Ra7 45. Bxc3
Bxc3 46. Rxc3 Ra2+ 47. Kf3 Rxh2 48. Rc7 Ra2 49. Rb7 Ra3+ 50. Kg2 Ra8 51. Rc7
Rg8 52. Kh3 Rg7 53. Rc8 Re7 54. Rg8 Kh5 55. Rf8 h6 56. Rf6 Re2 57. Rf8 Ra2 58.
Rf7 Ra5 59. Rh7 Ra3 60. Rf7 Ra5 61. Rh7 g5 62. fxg5 Kxg5 63. Rg7+ Kf6 64. Rg8
Ra3 65. Kh4 Ra7 66. Rb8 Rg7 67. Rb6+ Ke5 68. Rxh6 Ke4 69. Rb6 1/2-1/2

[Event "SV Königsspringer Hamm 1 - SV Ahlen 1"]
[Site "Verbandsliga - Gruppe 1 2018/"]
[Date "2018.09.23"]
[Round "1.8"]
[White "Weimer, Eduard"]
[Black "Dreesbach, Harald"]
[Result "1-0"]
[WhiteElo "2039"]
[BlackElo "1754"]
[PlyCount "63"]
[EventDate "2018.??.??"]

1. e4 c5 2. Nf3 e6 3. d4 cxd4 4. Nxd4 a6 5. Nc3 Qc7 6. Be3 Bb4 7. Qd2 Nf6 8. f3
d5 9. Bg5 Nbd7 10. exd5 Nxd5 11. Nde2 N7b6 12. O-O-O O-O 13. Qd4 Nxc3 14. Nxc3
Bxc3 15. bxc3 Bd7 16. c4 Rfe8 17. Be3 Nxc4 18. Qxc4 Bc6 19. Bd3 Qa5 20. Bd4 Bd5
21. Qc3 Qd8 22. h4 Rc8 23. Qb2 f6 24. Rd2 Qd6 25. h5 Qf4 26. h6 e5 27. Bf2 e4
28. fxe4 Rxe4 29. Rh4 Qf5 30. Bxe4 Bxe4 31. Qb3+ Kf8 32. Qb4+ 1-0